000 00433nam a2200181Ia 4500
008 230524s9999 xx 000 0 und d
020 _a8173662126
082 _a4.162
_bBHA
100 _aSham Bhangal
245 0 _aFoundation Flash - 5
250 _a2ND
260 _aMUMBAI
_bShroff
_c2000
300 _a625+3
500 _aQuantity Number: 2
650 _aComp-Sc
700 _a"Ananda Farr , Patrick Rey,,,"
942 _cBK
999 _c12870
_d12870